00688 2200241 4500001002100000005001500021035002000036007000300056008004100059020002200100082001000122084001600132100001800148245008300166250001000249260004700259300003600306650003400342504002900376710001900405990001100424990001100435INLIS00000000000444920191114104111 a0010-1119000076ta191114 g 0 ind  a978-602-5790-10-2 a746.4 a746.4 DEW k0 aDEWI, Istanti1 aKreasi Cantik dari Limbah & Plastik /cDewi Istanti; penyunting, Tim Hiputindo acet.1 aYogyakarta :bHijaz Pustaka Mandiri,c2018 avi, 131 hlm. :bilus. ;c24 cm. 4aSENI DEKORASI. LIMBAH PLASTIK aBibliografi: hlm.129-1310 aTIM, Hiputindo a7125 a a7125 b